000 00263nam a2200109Ia 4500
008 220622s9999 xx 000 0 und d
020 _a978-0702188671
082 _aNF,362.1068 MULL
100 _aMULLER,M,E
_9138588
245 0 _aHEALTHCARE SERVICE
942 _cBK
_w561
_xJohn Tresidder
_y561
_zJohn Tresidder
999 _c669557
_d669556